Frankenstein (Record no. 103435)

MARC details
000 -LEADER
fixed length control field 00615nam a2200229Ia 4500
003 - CONTROL NUMBER IDENTIFIER
control field OSt
005 - DATE AND TIME OF LATEST TRANSACTION
control field 20251028131643.0
008 - FIXED-LENGTH DATA ELEMENTS--GENERAL INFORMATION
fixed length control field 210210b1995 xxu||||| |||| 00| 0 eng d
020 ## - INTERNATIONAL STANDARD BOOK NUMBER
International Standard Book Number 0333599594
040 ## - CATALOGING SOURCE
Transcribing agency AL
041 ## - LANGUAGE CODE
Language code of text/sound track or separate title eng
082 ## - DEWEY DECIMAL CLASSIFICATION NUMBER
Classification number 820.9 PECF
100 ## - MAIN ENTRY--PERSONAL NAME
Personal name John Peck
9 (RLIN) 242974
245 ## - TITLE STATEMENT
Title Frankenstein
Remainder of title : New casebooks ed by Fred Botting
260 ## - PUBLICATION, DISTRIBUTION, ETC.
Place of publication, distribution, etc. London
Name of publisher, distributor, etc. Macmillan Press Ltd
Date of publication, distribution, etc. 1995
300 ## - PHYSICAL DESCRIPTION
Extent ix,271p
650 ## - SUBJECT ADDED ENTRY--TOPICAL TERM
Topical term or geographic name entry element Frankenstein critical Essays New Case Books
9 (RLIN) 242975
690 ## - LOCAL SUBJECT ADDED ENTRY--TOPICAL TERM (OCLC, RLIN)
Topical term or geographic name as entry element English Criticism
9 (RLIN) 242976
700 ## - ADDED ENTRY--PERSONAL NAME
Personal name Martin Coyle
9 (RLIN) 242977
906 ## - LOCAL DATA ELEMENT F, LDF (RLIN)
a 056015
942 ## - ADDED ENTRY ELEMENTS (KOHA)
Source of classification or shelving scheme Dewey Decimal Classification
Koha item type Book
Holdings
Withdrawn status Lost status Damaged status Not for loan Collection code Home library Current library Shelving location Date acquired Source of acquisition Cost, normal purchase price Total Checkouts Full call number Barcode Date last seen Price effective from Koha item type
          St Aloysius Library St Aloysius Library   02/17/2021 Sita Book House, Mangalore. 310.00   820.9 PECF 056015 02/17/2021 02/17/2021 Book